[Event "Happy New Year 2023"]
[Site "SchemingMind.com"]
[Date "2023.01.01"]
[Round "-"]
[White "Juan Jose Rivas Maceda"]
[Black "Giraldo Menendez Rodriguez"]
[Result "1/2-1/2"]
[WhiteCountry "PER"]
[BlackCountry "CUB"]
[WhiteElo "2573"]
[WhiteRD "72"]
[BlackElo "2557"]
[BlackRD "83"]
[GameID "729881"]

1. Nf3 Nf6 2. c4 e6 3. Nc3 d5 4. e3 Be7 5. d4 O-O 6. b3 c5 7. dxc5 Bxc5 8. Bb2 Nc6 9. a3 dxc4 10. b4 Qxd1+
11. Rxd1 Be7 12. Bxc4 a6 13. O-O b5 14. Be2 Bb7 15. Rc1 Rfd8 16. Rfd1 Rac8 17. Rxd8+ Rxd8 18. Ne1 Na7 19. f3 Nd7 20. Kf2 Kf8
21. Nd3 Rc8 22. Nb1 Rxc1 23. Bxc1 f5 24. Bb2 Bd6 25. Nd2 g6 26. Nb3 Bd5 27. Nbc5 Nxc5 28. Nxc5 Bxc5 29. bxc5 Nc6 30. Kg3=
1/2-1/2

[Event "Happy New Year 2023"]
[Site "SchemingMind.com"]
[Date "2022.12.31"]
[Round "-"]
[White "Matthew Bailey"]
[Black "Juan Jose Rivas Maceda"]
[Result "1/2-1/2"]
[WhiteCountry "ENG"]
[BlackCountry "PER"]
[WhiteElo "2584"]
[WhiteRD "73"]
[BlackElo "2582"]
[BlackRD "80"]
[GameID "729882"]

1. d4 d5 2. Nf3 Nf6 3. Bf4 c5 4. e3 Nc6 5. Nbd2 e6 6. c3 Bd6 7. Bg3 O-O 8. Bd3 b6 9. e4 Be7 10. e5 Nh5
11. Ng5 Bxg5 12. Qxh5 g6 13. Qe2 cxd4 14. h4 Be7 15. h5 dxc3 16. bxc3 d4 17. hxg6 hxg6 18. Ne4 Kg7 19. O-O-O Rh8 20. Bf4 Bb7
21. Rxh8 Qxh8 22. Nd6 Na5 23. Nxb7 Nxb7 24. cxd4 Qd8 25. Qe4 Qd7 26. Kd2 Rd8 27. Be3 Na5 28. Rh1 Rh8 29. Rxh8 Kxh8 30. Qa8+ Kg7
31. Ke1 Bc5 32. Qe4 Bb4+ 33. Kf1 Qc6 34. Qxc6 Nxc6 35. Be4 Ne7 36. Bg5 Nd5 37. Bxd5 exd5 38. Ke2 b5 39. g4 Kf8 40. Bd2 Be7
41. Kd3 Ke8 42. f4 f5 43. g5=
1/2-1/2

[Event "Happy New Year 2023"]
[Site "SchemingMind.com"]
[Date "2023.01.01"]
[Round "-"]
[White "Matthew Bailey"]
[Black "Giraldo Menendez Rodriguez"]
[Result "1/2-1/2"]
[WhiteCountry "ENG"]
[BlackCountry "CUB"]
[WhiteElo "2584"]
[WhiteRD "73"]
[BlackElo "2556"]
[BlackRD "78"]
[GameID "729883"]

1. d4 Nf6 2. c4 e6 3. Nf3 d5 4. Nc3 Bb4 5. e3 O-O 6. Bd3 dxc4 7. Bxc4 c5 8. a3 Bxc3+ 9. bxc3 Qc7 10. Be2 b6
11. Bb2 Bb7 12. O-O Rd8 13. Re1 Nc6 14. Bd3 h6 15. e4 Rac8 16. Rc1 Na5 17. Rb1 Nh5 18. Bc1 Nf4 19. Bb5 cxd4 20. cxd4 f5
21. exf5 exf5 22. Bxf4 Qxf4 23. Ne5 Rc7 24. Qh5 Be4 25. Rbd1 Qg5 26. Qxg5 hxg5 27. Re3 g4 28. h3 gxh3 29. Rxh3 f4 30. Rh4 Bc2
31. Rc1 Rxd4 32. Be8 Kf8 33. Bg6 Rd1+ 34. Rxd1 Bxd1 35. Rxf4+ Ke7 36. Rd4 Bb3=
1/2-1/2

[Event "Happy New Year 2023"]
[Site "SchemingMind.com"]
[Date "2023.02.01"]
[Round "-"]
[White "Juan Jose Rivas Maceda"]
[Black "William Lindberg"]
[Result "1/2-1/2"]
[WhiteCountry "PER"]
[BlackCountry "USA"]
[WhiteElo "2573"]
[WhiteRD "72"]
[BlackElo "2398"]
[BlackRD "65"]
[GameID "730848"]

1. e4 c5 2. Nf3 e6 3. d4 cxd4 4. Nxd4 a6 5. Nc3 Qc7 6. Bd3 Nf6 7. O-O Nc6 8. Nxc6 dxc6 9. f4 e5 10. Kh1 Bd6
11. f5 b5 12. a4 Bb7 13. axb5 cxb5 14. Bxb5+ axb5 15. Rxa8+ Bxa8 16. Nxb5 Qc5 17. Qxd6 Qxb5 18. Rd1 Nd7 19. Bg5 f6 20. Qe6+ Kd8
21. Bxf6+ gxf6 22. Qxf6+ Kc7 23. Qxh8 Qe2 24. Rxd7+ Kxd7 25. Qxh7+ Kd6 26. Qh6+=
1/2-1/2

[Event "Happy New Year 2023"]
[Site "SchemingMind.com"]
[Date "2023.02.01"]
[Round "-"]
[White "Giraldo Menendez Rodriguez"]
[Black "William Lindberg"]
[Result "1-0"]
[WhiteCountry "CUB"]
[BlackCountry "USA"]
[WhiteElo "2586"]
[WhiteRD "85"]
[BlackElo "2366"]
[BlackRD "65"]
[GameID "730849"]

1. Nf3 Nf6 2. c4 d5 3. d4 e6 4. Nc3 c5 5. cxd5 exd5 6. Bg5 Be6 7. e3 c4 8. Be2 Bb4 9. O-O O-O 10. Ne5 Nc6
11. Ng4 Be7 12. Bxf6 Bxf6 13. Nxf6+ Qxf6 14. b3 cxb3 15. Qxb3 Rfc8 16. Bf3 Qd8 17. Ne2 Na5 18. Qd3 Qd6 19. Nf4 a6 20. Nxe6 Qxe6
21. Rfe1 g6 22. e4 Nc4 23. e5 b5 24. h3 Rc7 25. Bg4 Qb6 26. f4 f5 27. Bf3 Kh8 28. Kh2 Rac8 29. Reb1 Qc6 30. Rb3 Nb6
31. Rg1 Re8 32. Rbb1 Rec8 33. Rbc1 Nc4 34. g4 Qe6 35. gxf5 gxf5 36. Qb3 a5 37. Bh1 a4 38. Qg3 b4 39. Qh4 Rf8 40. Rg3 Rc6
41. Rcg1 Nd2 42. Qg5 Rc7 43. Rd1 Ne4 44. Bxe4 fxe4 45. Rdg1 e3 46. f5 h6 47. Qxe3 Qxf5 48. Qxh6+ Rh7 49. Qb6 b3 50. axb3 Qf2+
51. R1g2 Qf4 52. Qg6 axb3 53. e6 Re7 54. Rb2 Rh7 55. Qg5 Qxg5 56. Rxg5 Rf3 57. Rg3 Rf4 58. Rbxb3 Re7 59. Rb8+ Kh7 60. Rd8 Rxe6
61. Rxd5 Kh6 62. Rd8 Kh7 63. Rd7+ Kh6 64. Rd8 Kh7 65. Rd5 Kh6 66. Rg4 Rf3 67. Rd8 Kh7 68. Rdg8 Rf7 69. R8g5 Rh6 70. Kg3 Re7
71. Rh4 Rxh4 72. Kxh4 Re4+ 73. Rg4 Re3 74. Kg5 Rf3 75. h4 Kg7 76. Rf4 Re3 77. Rf5 Re2 78. h5 Rg2+ 79. Kf4 Rc2 80. d5 Rf2+
81. Ke5 Re2+ 82. Kd6 Rc2 83. Ke6 Rc1 84. d6 Re1+ 85. Re5 Rf1 86. d7 Rf6+ 87. Kd5 Rf2 88. Kd6 Rf6+ 89. Re6 Rf8 90. h6+ Kf7
91. Re8
1-0

[Event "Happy New Year 2023"]
[Site "SchemingMind.com"]
[Date "2023.02.01"]
[Round "-"]
[White "William Lindberg"]
[Black "Matthew Bailey"]
[Result "1/2-1/2"]
[WhiteCountry "USA"]
[BlackCountry "ENG"]
[WhiteElo "2398"]
[WhiteRD "65"]
[BlackElo "2617"]
[BlackRD "70"]
[GameID "730850"]

1. e4 e6 2. d4 c5 3. d5 exd5 4. exd5 d6 5. Nf3 Nf6 6. h3 Nbd7 7. a4 Be7 8. c4 Ne5 9. Nxe5 dxe5 10. Bd3 O-O
11. Nc3 Ne8 12. Qe2 Bd6 13. f3 f5 14. Be3 Bd7 15. O-O-O a6 16. g4 b5 17. axb5 axb5 18. cxb5 Qc8 19. Bc4 e4 20. fxe4 f4
21. Rhf1 Be5 22. d6+ Kh8 23. Nd5 Nxd6 24. Bxf4 Nxc4 25. Qxc4 Ra1+ 26. Kd2 Rxd1+ 27. Kxd1 Bxb2 28. Bd2 Rxf1+ 29. Qxf1 Qe8 30. Nc7 Qe7
31. Qc4 Be5 32. Nd5 Qf7 33. b6 Qf3+ 34. Kc2 Bc6 35. Bc3 Bd4 36. Bxd4 Qxe4+ 37. Kd2 Qg2+ 38. Kc1 Qxd5 39. Qxc5 Qxc5+ 40. Bxc5 g6
41. g5 Kg7 42. h4 Kf7 43. Kd2 Ke6 44. Kc3 Kd5 45. Be3 Bb7 46. Bf2 Kc6 47. Kb4=
1/2-1/2

[Event "Happy New Year 2023"]
[Site "SchemingMind.com"]
[Date "2023.01.31"]
[Round "-"]
[White "Carlos Vila Hernández"]
[Black "Juan Jose Rivas Maceda"]
[Result "1/2-1/2"]
[WhiteCountry "CUB"]
[BlackCountry "PER"]
[WhiteElo "2555"]
[WhiteRD "88"]
[BlackElo "2573"]
[BlackRD "72"]
[GameID "730851"]

1. e4 e5 2. Nf3 Nc6 3. Bb5 a6 4. Ba4 Nf6 5. O-O Be7 6. Re1 b5 7. Bb3 O-O 8. h3 Bb7 9. d3 d5 10. exd5 Nxd5
11. Nxe5 Nd4 12. Nc3 Nb4 13. Ne4 Nxb3 14. axb3 Qd5 15. Bf4 Rae8 16. Qd2 c5 17. Rad1 f5 18. c4 bxc4 19. bxc4 Qd4 20. Nc3 Bf6
21. Ne2 Qd8 22. d4 a5 23. Qc1 Qc8 24. Bd2 cxd4 25. Bxb4 axb4 26. Nd3 g5 27. Nxb4 f4 28. Nd5 Bg7 29. b3 Qd7 30. Qd2 Bxd5
31. cxd5 Qxd5 32. Nc1 Rxe1+ 33. Rxe1 f3 34. g3 h5 35. Nd3 Qf5 36. Kh2 Rc8=
1/2-1/2

[Event "Happy New Year 2023"]
[Site "SchemingMind.com"]
[Date "2023.02.01"]
[Round "-"]
[White "William Lindberg"]
[Black "Carlos Vila Hernández"]
[Result "0-1"]
[WhiteCountry "USA"]
[BlackCountry "CUB"]
[WhiteElo "2373"]
[WhiteRD "65"]
[BlackElo "2559"]
[BlackRD "82"]
[GameID "730852"]

1. e4 e5 2. Nf3 Nc6 3. Bb5 a6 4. Ba4 Nf6 5. O-O Be7 6. Re1 b5 7. Nc3 bxa4 8. d4 exd4 9. Nxd4 Nxd4 10. Qxd4 d6
11. Nd5 O-O 12. Nxe7+ Qxe7 13. f3 Qe5 14. Qxe5 dxe5 15. b3 Be6 16. Kf2 Rfd8 17. Re3 c5 18. Bb2 Rd2+ 19. Re2 Rxe2+ 20. Kxe2 Nd7
21. Bc3 f6 22. Be1 Rc8 23. bxa4 Rb8 24. a3 f5 25. Ba5 Rb2 26. Kd1 fxe4 27. fxe4 Ra2 28. Rxa2 Bxa2 29. Kd2 Be6 30. h3 Bf7
31. Ke3 Bg6 32. g4 h6 33. Kd3 Nf6 34. Kc4 Bxe4 35. Kxc5 Bxc2 36. Kb6 Bxa4 37. Kxa6 Nd5 38. Bd2 e4 39. Ka5 Be8 40. Bc1 e3
41. Bxe3 Nxe3 42. Kb4 Nxg4 43. hxg4 Bd7 44. a4 Bxg4 45. a5 h5 46. a6 h4 47. a7 Bf3 48. Kc3 h3
0-1

[Event "Happy New Year 2023"]
[Site "SchemingMind.com"]
[Date "2023.02.01"]
[Round "-"]
[White "Giraldo Menendez Rodriguez"]
[Black "Carlos Vila Hernández"]
[Result "1/2-1/2"]
[WhiteCountry "CUB"]
[BlackCountry "CUB"]
[WhiteElo "2559"]
[WhiteRD "82"]
[BlackElo "2559"]
[BlackRD "82"]
[GameID "730853"]

1. Nf3 Nf6 2. c4 e6 3. g3 d5 4. Bg2 dxc4 5. Qa4+ c6 6. Qxc4 b5 7. Qb3 Bb7 8. O-O Nbd7 9. d4 a6 10. Ne5 Nxe5
11. dxe5 Nd5 12. Nc3 Be7 13. Ne4 O-O 14. Rd1 Qc7 15. Nd6 Rad8 16. Qa3 b4 17. Qd3 c5 18. Bf4 Rd7 19. Bxd5 Bxd5 20. Qxa6 g5
21. e4 Bb7 22. Nxb7 Qxb7 23. Qxb7 Rxb7 24. Be3 Ra8 25. f4 h5 26. Kf2 Rba7 27. f5 g4 28. Ke2 Ra4 29. Rd7 Bf8 30. Kd3 Rc8
31. Kc4 b3+ 32. Kxb3 Rxe4 33. Bf4 exf5 34. Kc3 Rb8 35. Rad1 Bg7 36. R7d5 h4 37. Rxc5 Bf8 38. Rcd5 Re2 39. Rd8 Rxd8 40. Rxd8 Rxh2
41. gxh4 Rh3+ 42. Kc2 Kg7 43. a4 Bb4 44. Bg5=
1/2-1/2

[Event "Happy New Year 2023"]
[Site "SchemingMind.com"]
[Date "2023.01.31"]
[Round "-"]
[White "Carlos Vila Hernández"]
[Black "Matthew Bailey"]
[Result "1/2-1/2"]
[WhiteCountry "CUB"]
[BlackCountry "ENG"]
[WhiteElo "2555"]
[WhiteRD "88"]
[BlackElo "2617"]
[BlackRD "70"]
[GameID "730854"]

1. e4 e5 2. Nf3 Nc6 3. Bb5 a6 4. Ba4 Nf6 5. O-O Be7 6. Re1 b5 7. Bb3 O-O 8. h3 Na5 9. Nxe5 Nxb3 10. axb3 Bb7
11. d3 d5 12. exd5 Qxd5 13. Qf3 Bd6 14. Kf1 Rfb8 15. Qxd5 Nxd5 16. Bd2 c5 17. Nc3 Nb4 18. Rac1 Rd8 19. Nf3 Bf8 20. Be3 Rac8
21. h4 Bxf3 22. gxf3 Rc6 23. Kg2 h5 24. Ne4 Nd5 25. Rcd1 Be7 26. Bg5 Rd7 27. Kg3 Bd6+ 28. Nxd6 Rdxd6 29. Re8+ Kh7 30. Be3 Rd7
31. Re5 g6 32. Kg2 c4 33. bxc4 bxc4 34. d4 c3 35. b3 Rcd6 36. Bc1 Nb4 37. Ba3 Rxd4 38. Rxd4 Rxd4 39. Bxb4 Rxb4 40. Kg3 Rd4
41. Rc5 a5 42. Rxc3 a4 43. bxa4 Rxa4 44. f4=
1/2-1/2

[Event "Happy New Year 2023"]
[Site "SchemingMind.com"]
[Date "2023.02.03"]
[Round "-"]
[White "Juan Jose Rivas Maceda"]
[Black "Jari Laine"]
[Result "1/2-1/2"]
[WhiteCountry "PER"]
[BlackCountry "FIN"]
[WhiteElo "2568"]
[WhiteRD "74"]
[BlackElo "2570"]
[BlackRD "86"]
[GameID "730895"]

1. e4 c5 2. Nf3 e6 3. d4 cxd4 4. Nxd4 Nc6 5. Nc3 Qc7 6. Be3 a6 7. Qd2 Nf6 8. O-O-O Be7 9. f3 b5 10. g4 Nxd4
11. Bxd4 Bb7 12. g5 Nh5 13. Be5 Qxe5 14. Qxd7+ Kf8 15. Qxb7 Qb8 16. Rd7 Qxb7 17. Rxb7 Bxg5+ 18. Kb1 Bf6 19. a4 Bxc3 20. bxc3 bxa4
21. Bxa6 g5 22. Bb5 Nf4 23. c4 Rc8 24. Ka2 Ng6 25. Re1 Kg7 26. Re3 Ne5 27. Rc3 Rc5 28. Ka3 Ra8 29. Kb4 Rcc8=
1/2-1/2

[Event "Happy New Year 2023"]
[Site "SchemingMind.com"]
[Date "2023.02.03"]
[Round "-"]
[White "Jari Laine"]
[Black "William Lindberg"]
[Result "1-0"]
[WhiteCountry "FIN"]
[BlackCountry "USA"]
[WhiteElo "2568"]
[WhiteRD "90"]
[BlackElo "2398"]
[BlackRD "65"]
[GameID "730897"]

1. d4 d5 2. c4 c6 3. Nf3 Nf6 4. Qb3 h6 5. Nc3 e6 6. e3 Bd6 7. Qc2 O-O 8. Be2 Qe7 9. O-O Rd8 10. b3 b6
11. e4 Nxe4 12. Nxe4 dxe4 13. Qxe4 Bb7 14. Bd3 c5 15. Qh7+
1-0

[Event "Happy New Year 2023"]
[Site "SchemingMind.com"]
[Date "2023.02.03"]
[Round "-"]
[White "Giraldo Menendez Rodriguez"]
[Black "Jari Laine"]
[Result "1/2-1/2"]
[WhiteCountry "CUB"]
[BlackCountry "FIN"]
[WhiteElo "2559"]
[WhiteRD "82"]
[BlackElo "2570"]
[BlackRD "86"]
[GameID "730898"]

1. Nf3 d5 2. d4 c5 3. c4 e6 4. cxd5 exd5 5. g3 Nf6 6. Bg2 Nc6 7. Nc3 Be7 8. O-O O-O 9. Bg5 c4 10. Ne5 Be6
11. e4 Nxe4 12. Nxe4 Bxg5 13. Nxg5 Qxg5 14. f4 Qf5 15. g4 Qf6 16. f5 Bc8 17. Bxd5 Nxe5 18. dxe5 Qxe5 19. Re1 Qf6 20. Re4 Bd7
21. Qd4 Qh4 22. f6 Qxf6 23. Qxf6 gxf6 24. Rd1 Rad8 25. Red4 Be6 26. Bxe6 Rxd4 27. Bxf7+ Rxf7 28. Rxd4 Rc7 29. Kf2=
1/2-1/2

[Event "Happy New Year 2023"]
[Site "SchemingMind.com"]
[Date "2023.02.03"]
[Round "-"]
[White "Jari Laine"]
[Black "Matthew Bailey"]
[Result "1/2-1/2"]
[WhiteCountry "FIN"]
[BlackCountry "ENG"]
[WhiteElo "2570"]
[WhiteRD "86"]
[BlackElo "2618"]
[BlackRD "74"]
[GameID "730899"]

1. d4 d5 2. c4 e6 3. Nf3 a6 4. Bg5 Be7 5. Bxe7 Qxe7 6. Nbd2 Nf6 7. g3 dxc4 8. Nxc4 Nc6 9. Rc1 b5 10. Nce5 Nxe5
11. Nxe5 Bb7 12. Rg1 Rc8 13. Qc2 Qb4+ 14. Qc3 Qxc3+ 15. Rxc3 Ke7 16. Rc1 Rhd8 17. Bg2 Bxg2 18. Rxg2 c5 19. dxc5 Rd5 20. Nd3 a5
21. a3 Ng4 22. b4 Ne5 23. Nxe5 Rxe5 24. g4 axb4 25. axb4 Re4 26. Rb1 g5 27. h3 Ra8 28. Rg3 Ra2 29. Re3 Rxe3=
1/2-1/2

[Event "Happy New Year 2023"]
[Site "SchemingMind.com"]
[Date "2023.02.03"]
[Round "-"]
[White "Jari Laine"]
[Black "Carlos Vila Hernández"]
[Result "1/2-1/2"]
[WhiteCountry "FIN"]
[BlackCountry "CUB"]
[WhiteElo "2534"]
[WhiteRD "86"]
[BlackElo "2559"]
[BlackRD "87"]
[GameID "730900"]

1. d4 Nf6 2. c4 e6 3. Nc3 Bb4 4. a3 Bxc3+ 5. bxc3 O-O 6. f3 d5 7. cxd5 exd5 8. e3 c5 9. Bd3 b6 10. Ne2 Ba6
11. O-O Re8 12. Ng3 Bxd3 13. Qxd3 Nc6 14. Bb2 h5 15. Rae1 h4 16. Nf5 h3 17. e4 hxg2 18. Rf2 Ne7 19. Ng3 Ng6 20. e5 Rc8
21. Bc1 Nh7 22. f4 Nh4 23. f5 cxd4 24. cxd4 Ng5 25. Ne2 Rc6 26. Qe3 Ne4 27. Rf4 b5 28. Rd1 Rc2 29. Qh3 Ng5 30. Qg3 Ne4
31. Qd3 Ra2 32. Qh3 Ng5 33. Qg3 Ne4 34. Qh3 Ng5=
1/2-1/2